000 00513nam a22002297a 4500
003 UA-OsUOA
001 92829
007 ta
008 20121227b un ||||| |||| 00| 0 ukr d
100 _aБенуа П.
090 _a821.133.1
_bБ46
942 _cBK
040 _aUA-OsUOA
_brus
_cUA-OsUOA
_dUA-OsUOA
245 _aАтлантида
_bроман
300 _a193 с.
955 _a0
041 _arus
080 _a821.133.1
260 _aТаганрог
_c1991
650 7 _2UDC
999 _c379295
_d379295